000 00348nam a2200121Ia 4500
008 231129s9999||||xx |||||||||||||| ||spa||
020 _a84-7223-046-5
082 _aHAJ -0124
100 _aLorenz Konrad
245 0 _aCuando el hombre encontró al perro
264 _aEspaña: Libergraf 1995
942 _2ddc
_cBKS
999 _c8373
_d8373